[Event "III Miedzynarodowy Memorial Ireny Warakomskiej - Open B"]
[Site "Suwalki"]
[Date "2019.08.12"]
[Round "6.40"]
[White "Wilk, Igor "]
[Black "Sivickis, Wiktoria "]
[Result "1-0"]
[WhiteTitle ""]
[BlackTitle ""]
[WhiteElo "1600"]
[BlackElo "1793"]

1. e4 c5 2. Nf3 Nc6 3. d4 cxd4 4. Nxd4 Nf6 5. Nc3 e5 6. Ndb5 d6 7. Bg5 a6 8. Na3
b5 9. Nd5 Be7 10. Bxf6 Bxf6 11. c3 O-O 12. Be2 Bg5 13. O-O Ne7 14. c4 Nxd5 15.
Qxd5 Be6 16. Qd3 b4 17. Nc2 Rb8 18. b3 f5 19. Rad1 Rb6 20. exf5 Bxf5 21. Qd5+
Kh8 22. Bd3 Bg4 23. Qe4 Bf5 24. Qd5 Bc8 25. Qa5 Bb7 26. Nxb4 e4 27. Be2 e3 28.
f3 Bf6 29. g3 Be5 30. c5 Rb5 31. Qxd8 Rxd8 32. Bxb5 axb5 33. Rd3 Rf8 34. cxd6
e2 35. Re1 Bxf3 36. d7 Bc7 37. Rxf3 Rxf3 38. Rxe2 Rf8 39. Re8 Kg8 40. Rxf8+ Kxf8
41. Nc6 1-0

[Event "III Miedzynarodowy Memorial Ireny Warakomskiej - Open B"]
[Site "Suwalki"]
[Date "2019.08.12"]
[Round "6.41"]
[White "Borowik, Wojciech"]
[Black "Pavlytchev, Mikhail"]
[Result "0-1"]
[WhiteTitle ""]
[BlackTitle ""]
[WhiteElo "1599"]
[BlackElo "1790"]

1. d4 Nf6 2. Nf3 c5 3. e3 e6 4. c4 cxd4 5. exd4 Bb4+ 6. Bd2 Bxd2+ 7. Nbxd2 O-O
8. Be2 Nc6 9. O-O b6 10. Qc2 Bb7 11. Rfd1 Rc8 12. Qa4 a5 13. a3 Ra8 14. Qb3 a4
15. Qc2 Qe7 16. Nb1 d5 17. Nc3 dxc4 18. Nxa4 b5 19. Nc3 b4 20. Nb5 Rfc8 21. a4
Na5 22. Nd2 Bd5 23. Bf3 Bxf3 24. Nxf3 Nb3 25. Ra2 Nd5 26. Qb1 Nb6 27. Nd2 Nxa4
28. Nxc4 Rxc4 29. Qd3 Rac8 30. Qxb3 Nb6 31. Ra7 Qf8 32. Ra6 Qd8 33. h3 g6 34.
Qf3 Rc1 35. Rxc1 Rxc1+ 36. Kh2 Qb8+ 37. g3 Nd5 38. Nd6 Rc7 39. Ne4 Kg7 40. Nc5
Qc8 41. Qe4 Rxc5 42. Qe5+ Kg8 43. Rd6 Rc6 44. Rxc6 Qxc6 45. Qb8+ Kg7 46. Qe5+
f6 47. Qe2 Kf7 48. f4 b3 49. Qe1 Qc2+ 50. Kg1 Qxb2 51. Qa5 Qxd4+ 52. Kh2 b2 53.
Qb5 Qf2+ 54. Kh1 Qe1+ 55. Kh2 b1=Q 56. Qd7+ Ne7 0-1

[Event "III Miedzynarodowy Memorial Ireny Warakomskiej - Open B"]
[Site "Suwalki"]
[Date "2019.08.12"]
[Round "6.42"]
[White "Maciejewski, Mikolaj "]
[Black "Sentowski, Sebastian "]
[Result "1-0"]
[WhiteTitle ""]
[BlackTitle ""]
[WhiteElo "1788"]
[BlackElo "1742"]

1. e4 c6 2. Nf3 d5 3. Nc3 dxe4 4. Nxe4 Bg4 5. h3 Bxf3 6. Qxf3 e6 7. c3 Nd7 8. d4
Ngf6 9. Bd3 Nxe4 10. Bxe4 Nf6 11. Bc2 Qd5 12. Qxd5 Nxd5 13. O-O g6 14. c4 Nb6
15. Bb3 O-O-O 16. Be3 Bg7 17. Rfd1 Rd7 18. a4 Rhd8 19. a5 Na8 20. d5 Bxb2 21.
Rab1 Bc3 22. a6 bxa6 23. Ba4 Nb6 24. Bxc6 Rc7 25. Bxb6 axb6 26. Rxb6 Ra7 27. d6
a5 28. c5 Bb4 29. Bb5 Rdd7 30. Ba6+ Rxa6 31. Rxa6 f5 32. Kf1 g5 33. Ke2 h5 34.
Ke3 Rb7 35. c6 Rb5 36. Ra8+ Rb8 37. d7+ Kc7 38. Rxb8 1-0

[Event "III Miedzynarodowy Memorial Ireny Warakomskiej - Open B"]
[Site "Suwalki"]
[Date "2019.08.12"]
[Round "6.43"]
[White "Zalega, Maciej "]
[Black "Wloch, Mikolaj "]
[Result "1-0"]
[WhiteTitle ""]
[BlackTitle ""]
[WhiteElo "1429"]
[BlackElo "1771"]

1. e4 c5 2. Nf3 d6 3. d4 cxd4 4. Nxd4 Nf6 5. Nc3 g6 6. Be3 Bg7 7. f3 O-O 8. Qd2
Nc6 9. g4 Nxd4 10. Bxd4 Be6 11. O-O-O Qa5 12. a3 Rfc8 13. h4 Rab8 14. h5 b5 15.
hxg6 fxg6 16. Nd5 Qxd2+ 17. Rxd2 Nxd5 18. exd5 Bxd4 19. Rxd4 Bf7 20. Bd3 Rc5 21.
Be4 a5 22. Rd2 Kg7 23. g5 b4 24. axb4 axb4 25. Rd4 Ra5 26. Rhd1 Rbb5 27. R1d3
Ra1+ 28. Kd2 Rg1 29. f4 Rf1 30. Ke3 Re1+ 31. Kf2 Ra1 32. Rb3 Ra4 33. Ke3 Be8 34.
Bd3 Rc5 35. Ke4 Bf7 36. Rbxb4 Bxd5+ 37. Ke3 Rxb4 38. Rxb4 Kf7 39. c4 Be6 40. Ra4
Rc8 41. Kd4 Bd7 42. Ra7 Ke6 43. Be2 Rb8 44. Bg4+ Kf7 45. Bxd7 Rxb2 46. Ra3 Rd2+
47. Ke4 Re2+ 48. Re3 Rb2 49. Kd4 Rd2+ 50. Kc3 Rf2 51. Be6+ Kf8 52. Re4 Rh2 53.
Bd5 h5 54. Kd3 Rf2 55. Ke3 Rb2 56. Re6 Rb3+ 57. Ke4 Kf7 58. Rxd6+ Kg7 59. Re6
h4 60. Rxe7+ Kh8 61. Ke5 h3 62. Kf6 h2 63. Re8+ Kh7 64. Bg8+ Kh8 65. Bf7+ Kh7
66. Bxg6# 1-0

[Event "III Miedzynarodowy Memorial Ireny Warakomskiej - Open B"]
[Site "Suwalki"]
[Date "2019.08.12"]
[Round "6.44"]
[White "Wasik, Mateusz "]
[Black "Kruczynski, Marek"]
[Result "1-0"]
[WhiteTitle ""]
[BlackTitle ""]
[WhiteElo "1761"]
[BlackElo "1723"]

1. e4 b6 2. d4 Bb7 3. Bd3 Nf6 4. Qe2 Nc6 5. c3 e5 6. d5 Ne7 7. Nf3 Ng6 8. O-O Be7
9. Rd1 O-O 10. h3 d6 11. Be3 Re8 12. a4 a5 13. Bb5 Rf8 14. Nbd2 Nd7 15. Qd3 Nf4
16. Qf1 g6 17. g3 Nh5 18. Bh6 Ng7 19. g4 Nf6 20. Qd3 Kh8 21. Nf1 Ng8 22. Bxg7+
Kxg7 23. Ng3 Bc8 24. Kh1 Bg5 25. Nxg5 Qxg5 26. Rg1 Qh4 27. Kg2 h5 28. f3 Qg5 29.
Kf2 h4 30. Nf5+ Kh7 31. Ne3 Qf4 32. Rg2 Ne7 33. Rag1 f5 34. gxf5 Kg7 35. Rg4 Qh2+
36. R1g2 Qxh3 37. Nf1 Nxf5 38. Rxg6+ Kh7 39. exf5 Bxf5 40. Rg7+ Kh8 41. Qe3 Bh7
42. Rxh7+ Kxh7 43. Bd3+ Rf5 44. Rh2 Qg4 45. Bxf5+ Qxf5 46. Rxh4+ Kg8 47. Qe4 Qxe4
48. Rxe4 Kg7 49. Rg4+ Kf6 50. Ng3 Rh8 51. Ne4+ Kf7 52. b4 Rh2+ 53. Rg2 Rh1 54.
Ke3 Ra1 55. bxa5 bxa5 56. Rb2 Ke8 57. Kd3 Rxa4 58. c4 Ra3+ 59. Nc3 Kd7 60. Ra2
Rb3 61. Rxa5 Rb7 62. Nb5 Rb8 63. Ra7 Rc8 64. Ke4 Kd8 65. Kf5 Kd7 66. Rxc7+ Rxc7
67. Nxc7 Kxc7 68. Ke6 1-0

[Event "III Miedzynarodowy Memorial Ireny Warakomskiej - Open B"]
[Site "Suwalki"]
[Date "2019.08.12"]
[Round "6.45"]
[White "Kalvaitis, Gintautas "]
[Black "Burak, Vyacheslav"]
[Result "0-1"]
[WhiteTitle ""]
[BlackTitle ""]
[WhiteElo "1751"]
[BlackElo "1509"]

1. e4 c5 2. Nc3 d6 3. Bb5+ Bd7 4. Nf3 g6 5. O-O Bg7 6. Qe2 Nf6 7. e5 dxe5 8. Nxe5
O-O 9. Qf3 Qc7 10. Re1 a6 11. Bc4 Nc6 12. Nxd7 Nxd7 13. Nd5 Qd6 14. d3 Nd4 15.
Qd1 b5 16. Nxe7+ Kh8 17. c3 bxc4 18. cxd4 Rae8 19. dxc5 Nxc5 20. Nxg6+ fxg6 21.
dxc4 Qxd1 22. Rxd1 Nd3 23. Bh6 Bxh6 24. Rxd3 Re2 25. Rf1 Rxb2 26. Ra3 Rc2 27.
Ra4 Rfxf2 28. Rxf2 Rc1+ 0-1

[Event "III Miedzynarodowy Memorial Ireny Warakomskiej - Open B"]
[Site "Suwalki"]
[Date "2019.08.12"]
[Round "6.46"]
[White "Wolagiewicz, Kinga "]
[Black "Plesiuk, Jan "]
[Result "1-0"]
[WhiteTitle ""]
[BlackTitle ""]
[WhiteElo "1650"]
[BlackElo "1695"]

1. e4 d6 2. d4 g6 3. Nf3 Bg7 4. Nc3 a6 5. Bc4 e6 6. Be3 b5 7. Bb3 Bb7 8. a3 Nd7
9. O-O c5 10. Re1 c4 11. Ba2 Ne7 12. b3 d5 13. e5 h6 14. Qd2 Nf5 15. bxc4 bxc4
16. h3 Bc6 17. Nh2 g5 18. Nf1 Bf8 19. Bb1 Nxe3 20. Qxe3 h5 21. f4 gxf4 22. Qxf4
Bh6 23. Qf3 Nf8 24. Ng3 Qh4 25. Nce2 Qg5 26. Rf1 Qe3+ 27. Kh2 Qxf3 28. Rxf3 h4
29. Nh5 Rb8 30. Nf6+ Ke7 31. Nc3 Bg5 32. Ba2 Ng6 33. Rb1 Bf4+ 34. Kh1 Bd2 35.
Ne2 Rxb1+ 36. Bxb1 Rb8 37. Rf1 c3 38. Ng1 Bb5 39. Rd1 Bc4 40. Nf3 Be2 41. Rg1
Be3 42. Re1 Bxf3 43. Rxe3 Rxb1+ 44. Kh2 Bd1 45. Rxc3 Rb2 46. Rc8 1-0

[Event "III Miedzynarodowy Memorial Ireny Warakomskiej - Open B"]
[Site "Suwalki"]
[Date "2019.08.12"]
[Round "6.47"]
[White "Mazurek, Jakub "]
[Black "Warcaba, Jakub "]
[Result "0-1"]
[WhiteTitle ""]
[BlackTitle ""]
[WhiteElo "1605"]
[BlackElo "1661"]

1. e4 c5 2. Nf3 d6 3. d4 cxd4 4. Nxd4 Nf6 5. Nc3 a6 6. Be2 e5 7. Nb3 Be7 8. O-O
O-O 9. a4 b6 10. Nd5 Bb7 11. Nxf6+ Bxf6 12. Qd3 d5 13. exd5 Qxd5 14. Qxd5 Bxd5
15. Be3 Nd7 16. Rfd1 Bc6 17. Bf3 e4 18. Bxe4 Bxe4 19. Rxd7 Bxc2 20. Nd4 Bxd4 21.
Bxd4 b5 22. axb5 axb5 23. Rxa8 Rxa8 24. b4 h6 25. h3 Be4 26. Kh2 Ra6 27. Rd8+
Kh7 28. Rb8 Rg6 29. g3 Rd6 30. Bc5 Rd1 31. g4 g5 32. Re8 Rh1+ 33. Kg3 Rg1+ 34.
Kh2 Rg2+ 35. Kh1 Rxg4+ 36. Kh2 Rg2+ 37. Kh1 Bf3 38. Re3 Rxf2+ 39. Kg1 Rg2+ 40.
Kf1 Bd5 41. Re5 Rd2 42. Ke1 Rd3 43. Re3 Rxe3+ 44. Bxe3 f5 45. Kf2 Kg6 46. Bc5
f4 47. Kg1 h5 48. h4 g4 49. Bd6 Kf5 50. Kh2 g3+ 51. Kh3 Bc4 52. Kg2 Kg4 0-1

[Event "III Miedzynarodowy Memorial Ireny Warakomskiej - Open B"]
[Site "Suwalki"]
[Date "2019.08.12"]
[Round "7.1"]
[White "Gawronski, Miroslaw"]
[Black "Grzesik, Norbert "]
[Result "1-0"]
[WhiteTitle ""]
[BlackTitle ""]
[WhiteElo "2076"]
[BlackElo "2031"]

1. c4 b6 2. d4 Bb7 3. Nc3 e6 4. Bf4 f5 5. e3 Nf6 6. Nf3 Bb4 7. Qb3 Bxc3+ 8. bxc3
O-O 9. Be2 d6 10. h3 c5 11. Rd1 Na6 12. a4 Ne4 13. a5 g5 14. Bg3 Rb8 15. axb6
Ba8 16. Qa3 Rxb6 17. O-O Qe7 18. Rb1 Rfb8 19. Rxb6 Rxb6 20. Ra1 Qb7 21. Bf1 g4
22. hxg4 fxg4 23. Nh4 Nxg3 24. fxg3 Qe4 25. Qc1 Bb7 26. Qd2 Rb1 27. Ra2 Rb3 28.
Bd3 Qc6 29. Qf2 Qd7 30. Qf6 Rxc3 31. Rf2 Bf3 32. Nxf3 Rxd3 33. Ne1 1-0

[Event "III Miedzynarodowy Memorial Ireny Warakomskiej - Open B"]
[Site "Suwalki"]
[Date "2019.08.12"]
[Round "7.2"]
[White "Kowalec, Maciej"]
[Black "Bogdanov, Ignat"]
[Result "1/2-1/2"]
[WhiteTitle ""]
[BlackTitle ""]
[WhiteElo "2074"]
[BlackElo "2075"]

1. d4 Nf6 2. Bg5 d5 3. e3 e6 4. Nd2 Be7 5. c3 b6 6. f4 Bb7 7. Bxf6 Bxf6 8. Ngf3
Nd7 9. Bd3 g6 10. Qe2 Qe7 11. O-O O-O 12. Ne5 Bxe5 13. fxe5 f6 14. exf6 Rxf6 15.
Rxf6 Nxf6 16. e4 dxe4 17. Nxe4 Bxe4 18. Bxe4 Rd8 19. Bf3 c5 20. dxc5 Qxc5+ 21.
Kh1 1/2-1/2

[Event "III Miedzynarodowy Memorial Ireny Warakomskiej - Open B"]
[Site "Suwalki"]
[Date "2019.08.12"]
[Round "7.5"]
[White "Skurniak, Szymon "]
[Black "Hrymowicz, Artur "]
[Result "1-0"]
[WhiteTitle ""]
[BlackTitle ""]
[WhiteElo "1962"]
[BlackElo "2064"]

1. e4 c5 2. b3 Nc6 3. Bb2 d6 4. Bb5 Bd7 5. f4 e6 6. Nf3 Nf6 7. Nc3 a6 8. Bxc6 Bxc6
9. Qe2 Be7 10. O-O-O O-O 11. d4 cxd4 12. Nxd4 Qc7 13. f5 e5 14. Nxc6 bxc6 15.
g4 Nd7 16. h4 f6 17. Qc4+ d5 18. Nxd5 1-0

[Event "III Miedzynarodowy Memorial Ireny Warakomskiej - Open B"]
[Site "Suwalki"]
[Date "2019.08.12"]
[Round "7.6"]
[White "Szewczyk, Mariusz"]
[Black "Wojdak, Jan"]
[Result "0-1"]
[WhiteTitle ""]
[BlackTitle ""]
[WhiteElo "2050"]
[BlackElo "1913"]

1. e4 c5 2. Nf3 Nc6 3. Bb5 d6 4. c3 Bd7 5. d4 cxd4 6. cxd4 a6 7. Bc4 e6 8. O-O
b5 9. Bb3 Na5 10. Nc3 Nxb3 11. Qxb3 Rb8 12. a3 Ne7 13. Bg5 h6 14. Bf4 Nc6 15.
Rfd1 g5 16. Bg3 g4 17. Ne1 Qb6 18. Ne2 Na5 19. Qd3 Nc4 20. Rdb1 Bg7 21. b3 Na5
22. Qd2 Rc8 23. Bxd6 Nxb3 24. Rxb3 Qxd6 25. Rd1 Rd8 26. e5 Qd5 27. Rg3 Bc6 28.
Nd3 h5 29. Qg5 Bf8 30. Ndf4 Qe4 31. Nc3 Rxd4 0-1

[Event "III Miedzynarodowy Memorial Ireny Warakomskiej - Open B"]
[Site "Suwalki"]
[Date "2019.08.12"]
[Round "7.7"]
[White "Szydlo, Michal "]
[Black "Ocytko, Andrzej"]
[Result "1-0"]
[WhiteTitle ""]
[BlackTitle ""]
[WhiteElo "1865"]
[BlackElo "2047"]

1. e4 c6 2. d4 d5 3. Nc3 dxe4 4. Nxe4 Nf6 5. Nxf6+ exf6 6. c3 Bd6 7. Bd3 O-O 8.
Qc2 Re8+ 9. Ne2 h5 10. Be3 Qc7 11. O-O-O h4 12. h3 Nd7 13. c4 Qa5 14. c5 Be7 15.
Kb1 Nf8 16. g3 Be6 17. b3 hxg3 18. Nxg3 g6 19. Rhg1 Kh8 20. Nh5 f5 21. d5 cxd5
22. Qb2+ d4 23. Qxd4+ f6 24. Nxf6 Red8 25. Qb2 Rxd3 26. Rxd3 1-0

[Event "III Miedzynarodowy Memorial Ireny Warakomskiej - Open B"]
[Site "Suwalki"]
[Date "2019.08.12"]
[Round "7.8"]
[White "Gryczka, Wlodzimierz "]
[Black "Furtak, Joanna "]
[Result "1-0"]
[WhiteTitle ""]
[BlackTitle ""]
[WhiteElo "2045"]
[BlackElo "1893"]

1. e4 c5 2. Nf3 Nc6 3. c4 e5 4. Nc3 d6 5. d3 g6 6. Be2 Bg7 7. O-O Nge7 8. Nd5 h6
9. Ne1 Nxd5 10. cxd5 Nd4 11. f4 exf4 12. Bxf4 O-O 13. Qd2 f5 14. Nf3 fxe4 15.
Nxd4 Bxd4+ 16. Kh1 a5 17. Be3 Bxe3 18. Qxe3 exd3 19. Bxd3 Re8 20. Qf3 Re7 21.
Qf6 Bd7 22. Qxd6 Bg4 23. Qxg6+ Rg7 24. Qe4 Qd7 25. h3 Bxh3 26. Rae1 Bg4 27. Rf6
Bh5 28. d6 Re8 29. Bc4+ Kh8 30. Rxh6+ Rh7 31. Rxh7+ Qxh7 32. Qxh7+ Kxh7 33. Rxe8
Bxe8 34. Be6 Kg6 35. d7 Bxd7 36. Bxd7 1-0

[Event "III Miedzynarodowy Memorial Ireny Warakomskiej - Open B"]
[Site "Suwalki"]
[Date "2019.08.12"]
[Round "7.9"]
[White "Musial, Tomasz "]
[Black "Chojnowski, Marcin "]
[Result "1-0"]
[WhiteTitle ""]
[BlackTitle ""]
[WhiteElo "1935"]
[BlackElo "2038"]

1. d4 Nf6 2. c4 e6 3. g3 d5 4. Bg2 Bb4+ 5. Nd2 O-O 6. Ngf3 dxc4 7. Qc2 b5 8. a4
Bb7 9. axb5 c5 10. bxc6 Nxc6 11. e3 Na5 12. O-O Rc8 13. Ng5 Bxg2 14. Kxg2 Qd5+
15. Ndf3 h6 16. e4 Qb7 17. Kg1 hxg5 18. Nxg5 Nh7 19. Qe2 Nb3 20. Nxh7 Kxh7 21.
Bg5 Nxa1 22. Bf6 Rh8 23. Qh5+ Kg8 24. Qg4 Rh7 25. Rxa1 Kh8 26. Bg5 Be7 27. Bc1
Qd7 28. Be3 g6 29. d5 Bf6 30. Rxa7 Qe8 31. d6 Rd8 32. Qf4 Bxb2 33. Bb6 Rd7 34.
Bc7 f5 35. Rb7 Kg7 36. Rxb2 e5 37. Qc1 Qe6 38. exf5 gxf5 39. Qc3 Kg6 40. Rb5 Rxc7
41. dxc7 Rxc7 42. Rxe5 Qd6 43. h4 Rc5 44. h5+ Kf7 45. Rxc5 Qxc5 46. h6 Qd5 47.
Qg7+ Ke8 48. h7 Qd1+ 49. Kg2 Qd5+ 50. Kh2 1-0

[Event "III Miedzynarodowy Memorial Ireny Warakomskiej - Open B"]
[Site "Suwalki"]
[Date "2019.08.12"]
[Round "7.12"]
[White "Jeda, Maciej "]
[Black "Liberadzki, Slawomir "]
[Result "1-0"]
[WhiteTitle ""]
[BlackTitle ""]
[WhiteElo "1815"]
[BlackElo "2030"]

1. e4 c5 2. Nf3 e6 3. d4 cxd4 4. Nxd4 Nc6 5. Nb5 d6 6. c4 a6 7. N5c3 Nf6 8. Be3
Be7 9. Be2 O-O 10. O-O b6 11. Nd2 Bb7 12. a3 d5 13. exd5 exd5 14. cxd5 Nxd5 15.
Nxd5 Qxd5 16. Bf3 Qb5 17. Rc1 Rac8 18. a4 Qb4 19. Nc4 Rfd8 20. Bd2 Qc5 21. Na5
Rxd2 22. Qxd2 Qxa5 23. Qd7 Ne5 24. Qxb7 Nxf3+ 25. Qxf3 Rxc1 26. Rxc1 Qxa4 27.
g3 g6 28. Qd5 Qb4 29. Qe5 Bc5 30. Rd1 a5 31. h4 h5 32. Rd7 Qc4 33. Kg2 Qb3 34.
Rd8+ Bf8 35. Qe7 Qd5+ 36. Kh2 1-0

[Event "III Miedzynarodowy Memorial Ireny Warakomskiej - Open B"]
[Site "Suwalki"]
[Date "2019.08.12"]
[Round "7.13"]
[White "Weintraub, Amit"]
[Black "Rak, Tomasz"]
[Result "1-0"]
[WhiteTitle ""]
[BlackTitle ""]
[WhiteElo "1876"]
[BlackElo "2022"]

1. d4 Nf6 2. c4 g6 3. Nc3 Bg7 4. e4 d6 5. f3 O-O 6. Nge2 c6 7. Bg5 h6 8. Be3 Kh7
9. Qd2 e5 10. d5 c5 11. h4 Na6 12. g4 Ng8 13. Ng3 Bd7 14. Be2 Nc7 15. a3 a5 16.
a4 Ne7 17. Kf2 Na6 18. b3 Nb4 19. h5 g5 20. Rae1 Ng8 21. Kg2 Nf6 22. Nd1 Ne8 23.
Nf2 Ra6 24. Nh3 Bf6 25. Nf2 Rb6 26. Bd1 Be7 27. Qc1 Rg8 28. Bd2 Nf6 29. Bxb4 cxb4
30. Nf1 Ra6 31. Be2 Ra8 32. Ne3 Qb6 33. Nd3 Rac8 34. c5 Qa7 35. Nc4 dxc5 36. Ndxe5
Be8 37. Rd1 b5 38. axb5 Bxb5 39. Nxf7 Rcf8 40. Nfe5 a4 41. Ng6 axb3 42. Nxf8+
Bxf8 43. e5 Nd7 44. e6 Nb6 45. Ne5 Be8 46. Qb1+ Kh8 47. Qxb3 Bg7 48. Qe3 Qa2 49.
Qe4 Na4 50. Ra1 Nc3 51. Rxa2 Nxe4 52. Nf7+ Kh7 53. fxe4 b3 54. Ra7 Bd4 55. Nd6+
Kh8 56. Ra8 1-0

[Event "III Miedzynarodowy Memorial Ireny Warakomskiej - Open B"]
[Site "Suwalki"]
[Date "2019.08.12"]
[Round "7.14"]
[White "Szalko, Maciej "]
[Black "Mazalon, Mariusz "]
[Result "1-0"]
[WhiteTitle ""]
[BlackTitle ""]
[WhiteElo "1931"]
[BlackElo "2012"]

1. d4 Nf6 2. c4 g6 3. Nf3 Bg7 4. g3 O-O 5. Bg2 d6 6. O-O Nc6 7. Nc3 a6 8. Qc2 Rb8
9. Rd1 Bd7 10. b3 b5 11. cxb5 axb5 12. Bb2 Na7 13. e4 c6 14. Rac1 Qa5 15. e5 Ne8
16. Ne4 Bf5 17. Nh4 Bxe4 18. Bxe4 d5 19. Bd3 Nc7 20. Qe2 e6 21. a3 Na8 22. f4
Qd8 23. Nf3 Nb6 24. Bc3 Nd7 25. Bb4 Re8 26. Kh1 Bf8 27. Bd2 c5 28. g4 c4 29. Bc2
cxb3 30. Bxb3 Nb6 31. f5 Nc4 32. Bg5 Qd7 33. f6 Nc6 34. Qf2 Ra8 35. Qh4 Reb8 36.
Bh6 Qa7 37. Ng5 Nd8 38. Nxh7 1-0

[Event "III Miedzynarodowy Memorial Ireny Warakomskiej - Open B"]
[Site "Suwalki"]
[Date "2019.08.12"]
[Round "7.16"]
[White "Slabek, Grzegorz "]
[Black "Kacprzak, Kacper "]
[Result "1-0"]
[WhiteTitle ""]
[BlackTitle ""]
[WhiteElo "1982"]
[BlackElo "1856"]

1. Nf3 Nf6 2. g3 c5 3. Bg2 Nc6 4. d4 cxd4 5. Nxd4 e5 6. Nxc6 bxc6 7. O-O d5 8.
c4 Be6 9. Nc3 e4 10. Bg5 Be7 11. Qa4 O-O 12. Rfd1 Qb6 13. Bxf6 Bxf6 14. cxd5 cxd5
15. Nxd5 Bxd5 16. Rxd5 Qxb2 17. Rad1 e3 18. Kf1 Rae8 19. Qxa7 Ra8 20. Qxe3 Rxa2
21. R5d2 Ra1 22. Be4 Rxd1+ 23. Rxd1 Qc3 24. Qxc3 Bxc3 25. Rd7 f5 26. Bd5+ Kh8
27. h4 Bf6 28. Be6 g6 29. h5 Rd8 30. Rf7 Bg7 31. e3 Rf8 32. Rb7 Bf6 33. Ke2 Rd8
34. f4 Rf8 35. Bf7 g5 36. Be6 gxf4 37. gxf4 Bd8 38. Rb5 Kg7 39. Bxf5 Rf7 40. Kf3
Bc7 41. Kg4 Bd8 42. Rd5 Bf6 43. e4 h6 44. e5 Be7 45. Bg6 1-0

[Event "III Miedzynarodowy Memorial Ireny Warakomskiej - Open B"]
[Site "Suwalki"]
[Date "2019.08.12"]
[Round "7.20"]
[White "Kacprzak, Karol"]
[Black "Koziol, Pawel"]
[Result "1-0"]
[WhiteTitle ""]
[BlackTitle ""]
[WhiteElo "1973"]
[BlackElo "1852"]

1. e4 c5 2. Nf3 e6 3. d4 cxd4 4. Nxd4 Nc6 5. Nc3 Qc7 6. Be3 a6 7. a3 Nf6 8. f4
d6 9. g3 Bd7 10. Bg2 Be7 11. Nb3 Rb8 12. O-O h5 13. Kh1 Na5 14. Nxa5 Qxa5 15.
Bd4 e5 16. fxe5 dxe5 17. Bg1 h4 18. gxh4 Rxh4 19. Rxf6 gxf6 20. Nd5 Bd8 21. b4
Qb5 22. Nxf6+ Bxf6 23. Qd6 Qc6 24. Qxb8+ Ke7 25. Bc5+ Ke6 26. Rd1 Be7 27. Rd5
Rh5 28. Bh3+ f5 29. Qxe5+ Kf7 30. Qxe7+ Kg8 31. Rxd7 1-0

[Event "III Miedzynarodowy Memorial Ireny Warakomskiej - Open B"]
[Site "Suwalki"]
[Date "2019.08.12"]
[Round "7.21"]
[White "Staroszczyk, Mateusz "]
[Black "Hryharovich, Aliaksei"]
[Result "1-0"]
[WhiteTitle ""]
[BlackTitle ""]
[WhiteElo "1968"]
[BlackElo "1659"]

1. e4 c5 2. Nc3 Nc6 3. g3 g6 4. Bg2 Bg7 5. d3 e6 6. Be3 d6 7. Qd2 Nge7 8. Bh6 O-O
9. h4 f6 10. O-O-O Bd7 11. Bxg7 Kxg7 12. Kb1 Rb8 13. Nge2 b5 14. Nc1 h6 15. g4
e5 16. Rdg1 Nd4 17. f4 c4 18. N3e2 Qb6 19. f5 g5 20. Rh3 c3 21. bxc3 Nxe2 22.
Nxe2 Bc6 23. Rgh1 Rh8 24. Ng3 d5 25. Nh5+ Kf7 26. Nxf6 b4 27. c4 Ba4 28. d4 dxc4
29. dxe5 Rhd8 30. Nd5 Nxd5 31. exd5 c3 32. Qd1 Rdc8 33. Be4 Qa6 34. hxg5 Qc4 35.
Rxh6 Be8 36. Rh7+ Kf8 37. Rh8+ Ke7 38. d6+ Kd8 39. Qd5 b3 40. Rxe8+ 1-0

[Event "III Miedzynarodowy Memorial Ireny Warakomskiej - Open B"]
[Site "Suwalki"]
[Date "2019.08.12"]
[Round "7.22"]
[White "Rosol, Alexander "]
[Black "Bojczewski, Mateusz"]
[Result "1/2-1/2"]
[WhiteTitle ""]
[BlackTitle ""]
[WhiteElo "1968"]
[BlackElo "1836"]

1. e4 c6 2. d4 d5 3. e5 Bf5 4. h4 h6 5. h5 e6 6. g4 Bh7 7. Bd3 Bxd3 8. Qxd3 Nd7
9. Nf3 Qb6 10. Nbd2 c5 11. c4 Ne7 12. b3 cxd4 13. cxd5 Nxd5 14. Nc4 Qc7 15. O-O
Bc5 16. Nxd4 O-O 17. Nf3 b5 18. Ne3 Nxe3 19. Bxe3 Bxe3 20. Qxe3 Qc5 21. Qe4 Qd5
22. Qxd5 exd5 23. Rfd1 Nb6 24. Nd4 g6 25. Nc6 Rfe8 26. f4 Rac8 27. Nb4 Rc3 28.
Kg2 f6 29. Nxd5 Nxd5 30. Rxd5 fxe5 31. Rxe5 Rxe5 32. fxe5 Re3 33. Kf2 Rxe5 34.
Rc1 Kf7 35. Kf3 Re6 36. b4 Kf6 37. Rc7 Rd6 38. Ke3 a5 39. Rb7 axb4 40. Rxb5 Ra6
41. Rxb4 Rxa2 42. Rb6+ Ke5 43. Rb5+ Kf6 44. Rb6+ Ke5 1/2-1/2

[Event "III Miedzynarodowy Memorial Ireny Warakomskiej - Open B"]
[Site "Suwalki"]
[Date "2019.08.12"]
[Round "7.23"]
[White "Koloczek, Maciej "]
[Black "Goraj, Barbara "]
[Result "0-1"]
[WhiteTitle ""]
[BlackTitle ""]
[WhiteElo "1958"]
[BlackElo "1800"]

1. e4 c5 2. Nf3 d6 3. d4 cxd4 4. Nxd4 Nf6 5. Nc3 Nc6 6. Bg5 e6 7. Qd2 a6 8. O-O-O
Bd7 9. f4 b5 10. Bxf6 gxf6 11. Kb1 b4 12. Nce2 Qb6 13. Nxc6 Bxc6 14. f5 e5 15.
Ng3 h5 16. h4 Qc5 17. Qe2 Ke7 18. Nxh5 Bb5 19. Qf3 Rc8 20. Bxb5 Qxc2+ 21. Ka1
axb5 22. g4 Bh6 23. Qd3 Qxd3 24. Rxd3 Rc4 25. Re1 Rhc8 26. a3 Bc1 27. Re2 Rg8
28. Rg3 d5 29. exd5 Rgxg4 30. Rxg4 Rxg4 31. d6+ Kxd6 32. Nxf6 Rxh4 33. axb4 Rxb4
34. Ne4+ Kc6 35. Kb1 Bxb2 36. Rc2+ Bc3+ 37. Kc1 Rxe4 38. Rxc3+ Rc4 0-1

[Event "III Miedzynarodowy Memorial Ireny Warakomskiej - Open B"]
[Site "Suwalki"]
[Date "2019.08.12"]
[Round "7.24"]
[White "Ryszkiewicz, Adam"]
[Black "Bartoszewicz, Marcin "]
[Result "1-0"]
[WhiteTitle ""]
[BlackTitle ""]
[WhiteElo "1927"]
[BlackElo "1950"]

1. d4 Nf6 2. c4 g6 3. Nc3 Bg7 4. e4 d6 5. Nf3 O-O 6. Be2 e5 7. dxe5 dxe5 8. Qxd8
Rxd8 9. Bg5 Re8 10. O-O c6 11. Rfd1 Nbd7 12. b4 h6 13. Be3 Nf8 14. h3 Ne6 15.
Rab1 Nf4 16. Bf1 g5 17. b5 Bd7 18. h4 Bg4 19. hxg5 hxg5 20. bxc6 bxc6 21. Rd6
Bxf3 22. gxf3 Re6 23. Rbd1 g4 24. fxg4 Nxg4 25. Rd8+ Rxd8 26. Rxd8+ Kh7 27. Bxa7
Rg6 28. f3 Bf6 29. Rd2 Ne3+ 30. Kf2 Neg2 31. Bxg2 Rxg2+ 32. Ke1 Rg3 33. Rh2+ Kg8
34. Kf2 Rg6 35. Nd1 Bg5 36. Nb2 Rd6 37. Be3 Bd8 38. Rh1 Rg6 39. Bxf4 exf4 40.
Nd3 Rd6 41. Ke2 Rd4 42. Rc1 Bc7 43. Nb2 Rd6 44. Rc2 Rh6 45. a4 Rh2+ 46. Kd3 Rh3
47. Rf2 Bb6 48. Rf1 Rh2 49. Kc3 Ba5+ 50. Kb3 Rd2 51. c5 f5 52. exf5 Rd5 53. Rd1
Rxc5 54. Nc4 Rxf5 55. Nxa5 Rxa5 56. Rd6 Rc5 57. Rf6 Rc1 58. Rxf4 Kg7 59. a5 Rb1+
60. Ka2 Rb7 61. a6 Ra7 62. Ra4 Kf6 63. Kb3 Ke5 64. Kc4 Kd6 65. f4 1-0

[Event "III Miedzynarodowy Memorial Ireny Warakomskiej - Open B"]
[Site "Suwalki"]
[Date "2019.08.12"]
[Round "7.26"]
[White "Pavlytchev, Mikhail"]
[Black "Tarkowski, Michal"]
[Result "1-0"]
[WhiteTitle ""]
[BlackTitle ""]
[WhiteElo "1790"]
[BlackElo "1934"]

1. e4 d5 2. exd5 Nf6 3. d4 Nxd5 4. Nf3 g6 5. c4 Nb6 6. Nc3 Bg7 7. Be3 O-O 8. Be2
Nc6 9. Rc1 e5 10. d5 Ne7 11. O-O Kh8 12. Qb3 f5 13. Bc5 Nd7 14. Ba3 e4 15. Ng5
Ne5 16. Rcd1 Re8 17. Ne6 Bxe6 18. dxe6 Qc8 19. Nd5 N7c6 20. e7 Nd7 21. Qg3 Nd4
22. Rxd4 Bxd4 23. Qxc7 b6 24. Rd1 Be5 25. Bd6 Bxd6 26. Qxd6 Kg7 27. c5 1-0

[Event "III Miedzynarodowy Memorial Ireny Warakomskiej - Open B"]
[Site "Suwalki"]
[Date "2019.08.12"]
[Round "7.27"]
[White "Flis, Pawel"]
[Black "Paprocki, Antoni "]
[Result "1-0"]
[WhiteTitle ""]
[BlackTitle ""]
[WhiteElo "1925"]
[BlackElo "1752"]

1. Nf3 Nf6 2. g3 e6 3. Bg2 Be7 4. O-O O-O 5. d3 c5 6. e4 d6 7. c3 Nc6 8. Re1 Re8
9. d4 d5 10. e5 Ne4 11. Nbd2 cxd4 12. cxd4 Nxd2 13. Bxd2 b5 14. Rc1 Qb6 15. Be3
a5 16. h4 Ba6 17. Bg5 Bb4 18. Re2 Rec8 19. Rec2 Bf8 20. Bf1 a4 21. Kg2 Qb7 22.
Bd3 Nb4 23. Rxc8 Rxc8 24. Rxc8 Qxc8 25. Bb1 Qc4 26. Be3 Qc8 27. a3 Nc6 28. Bxh7+
Kh8 29. Bd3 g6 30. h5 Ne7 31. hxg6 Nxg6 32. Qh1+ Kg8 33. Ng5 Bg7 34. Qh7+ Kf8
35. Bxg6 fxg6 36. Qxg6 Qd7 37. Nh7+ Kg8 38. Nf6+ 1-0